<?xml version="1.0" encoding="UTF-8"?>
<collection xmlns="http://www.loc.gov/MARC21/slim">
  <record>
    <leader>00000nam  2200000   4500</leader>
    <controlfield tag="001">INLIS000000000016881</controlfield>
    <controlfield tag="005">20240306032008</controlfield>
    <datafield tag="035" ind1="#" ind2="#">
      <subfield code="a">0010-0324000028</subfield>
    </datafield>
    <controlfield tag="007">ta</controlfield>
    <controlfield tag="008">240306################|##########|#|##</controlfield>
    <datafield tag="084" ind1="#" ind2="#">
      <subfield code="a">R 028 LATSAR 2021</subfield>
    </datafield>
    <datafield tag="100" ind1=" " ind2="#">
      <subfield code="a">Tika Arisandi</subfield>
    </datafield>
    <datafield tag="245" ind1="1" ind2="#">
      <subfield code="a">Digitalisasi Registrasi Surat Masuk dan Pengarsipannya dengan Pemanfaatan Aplikasi Berbasis Web /</subfield>
      <subfield code="c">Tika Arisandi</subfield>
    </datafield>
    <datafield tag="260" ind1="#" ind2="#">
      <subfield code="a">Jakarta :</subfield>
      <subfield code="b">Pusbangkader,</subfield>
      <subfield code="c">2021</subfield>
    </datafield>
    <datafield tag="300" ind1="#" ind2="#">
      <subfield code="a">45 halaman ;</subfield>
      <subfield code="c">30 cm</subfield>
    </datafield>
    <datafield tag="650" ind1="#" ind2="4">
      <subfield code="a">Kearsipan</subfield>
    </datafield>
    <datafield tag="650" ind1="#" ind2="4">
      <subfield code="a">Digitalisasi</subfield>
    </datafield>
    <datafield tag="650" ind1="#" ind2="4">
      <subfield code="a">Website</subfield>
    </datafield>
    <datafield tag="520" ind1="#" ind2="#">
      <subfield code="a">Di dalam instansi kami sistem persuratan masih dilakukan secara manual. Sementara intensitas persuratan yang semakin tinggi dan menuntut kecepatan waktu. Proses manual sistem persuratan dimana surat masuk diterima oleh bagian penerima surat dan menginputnya kedalam spreadsheet. Lalu surat etrsebut diberikan kepada pimpinan bersama lembar disposisinya, untuk mengetahui siapa yang akan melaksanakan isi surat tersebut. Setelah surat sampai kepada bagian yang dituju barulah surat kembali ke penrima surat untuk discan lalu diarsipkan. Scan surat dilakukan menggunakan handphone, akrena memang alat scanner yang terbatas. Scan menggunakan handphone pun menghasilkan file yang kurang baik dan memakan waktu yang cukup banyak. Sisitem manual seperti ini dapat berakibat pada proses pencarian surat membutuhkan waktu yang lama. Hal ini ebrimbas pula pada manajemen arsip persurat yang tidak efisien.</subfield>
    </datafield>
    <datafield tag="856" ind1="#" ind2="#">
      <subfield code="a">Perpustakaan LAN Pusat</subfield>
    </datafield>
    <datafield tag="990" ind1="#" ind2="#">
      <subfield code="a">23.11.028</subfield>
    </datafield>
  </record>
</collection>
